| 000 | 00346nam a2200121 a 4500 | ||
|---|---|---|---|
| 005 | 20140513081057.0 | ||
| 008 | 071022s19uu xx 00 eng d | ||
| 050 |
_aVCD _bTh454 2005 |
||
| 245 |
_aThomas and friends: _bmaking tracks to great destinations. |
||
| 260 |
_aPhilipines : _bViva Video, _c2005. |
||
| 650 | _aStory telling. | ||
| 999 |
_c116583 _d116583 |
||